| 000 | 00710nam a2200217 a 4500 | ||
|---|---|---|---|
| 005 | 20260322212037.0 | ||
| 008 | data | ||
| 010 | _a97-044751 /AC | ||
| 020 | _a0688177212 | ||
| 020 | _a9780688177218 | ||
| 040 | _aBorders/Amazon | ||
| 092 | _a612.75 S52 1998 | ||
| 100 | 1 | _aSimon, Seymour. | |
| 245 | 1 | 0 |
_aBones : _bour skeletal system _cSeymour Simon. |
| 260 |
_aNew York _bMorrow Junior Books _cc1998 |
||
| 300 |
_a1 v. (unpaged) : _b col. ill. ; _c 26 cm. |
||
| 520 | _aDescribes the skeletal system and outlines the many important roles that bones play in the healthy functioning of the human body. | ||
| 650 | 0 | 2 |
_aBone and Bones _vjuvenile literature |
| 650 | 0 | 2 |
_aSkeleton _vjuvenile literature |
| 001 | data | ||
| 999 |
_c870 _d870 |
||